The O.C. Family Tree - Statistics

General Stats
  • This quiz has been taken 100 times
  • The average score is 14 of 26
Answer Stats
Last name # Relationship Answer % Correct
Atwood #5 Adopted son of #1 and #2 Ryan
96%
Cohen #3 Son of #1 and #2 Seth
96%
Cohen #1 Husband of #2 Sandy
94%
Roberts #13 Long-time girlfriend of #3 Summer
91%
Cooper #9 Long-time girlfriend of #5 Marissa
90%
Cohen #2 Wife of #1 Kirsten
85%
Cooper #10 Mother of #9 and #12 Julie
83%
Cooper #11 Father of #9 and #12 Jimmy
72%
Nichol #15 Father of #2 Caleb
70%
Others #19 Boyfriend of #9 and #10 Luke
70%
Townsend #17 Girlfriend of #5 Taylor
66%
Others #21 Girlfriend of #3 Anna
60%
Atwood #6 Brother of #5 Trey
57%
Cooper #12 Sister of #9 Kaitlin
55%
Nichol #16 Sister of #2 Hailey
44%
Others #20 Boyfriend of #13 Zach
44%
Others #25 Girlfriend of #3 and #9 Alex
43%
Others #23 Daughter of #15 Lindsay
39%
Others #24 Girlfriend of #5 Theresa
37%
Atwood #8 Father of #5 and #6 Frank
32%
Roberts #14 Father of #13 Neil
30%
Atwood #7 Mother of #5 and #6 Dawn
23%
Others #26 Boyfriend of #12 Johnny
23%
Cohen #4 Mother of #1 Sophie
18%
Townsend #18 Mother of #17 Veronica
17%
Others #22 Boyfriend of #9 Kevin
11%
No matching quizzes found
Score Distribution
Percent of People with Each Score
Percentile by Number Answered
Your Score History
You have not taken this quiz